El niño instruído en relijión, moral i urbanidad. Precioso librito, destinado a la lectura de los niños en las escuelas i en las bibliotecas populares, aprobado con este objeto por la autoridad eclesiástica i la Universidad de Chile, i arreglado por Don Manuel José Zapata

שמור ב:
מידע ביבליוגרפי
מחבר ראשי: Zapata, Manuel José (Author)
פורמט: ספר
שפה:ספרדית
יצא לאור: Santiago Imprenta Chilena, calle del Peumo, Núm.29 1863
מהדורה:1a. ed
נושאים:
תגים: הוספת תג
אין תגיות, היה/י הראשונ/ה לתייג את הרשומה!

MARC

LEADER 00000nam a2200000 a 4500
001 UCJ7657
003 CL-VaPUC
008 070124e18630000CL |||||||||||||||||spa|d
082 0 4 |a 370.8  |b ZAP  |2 21 
100 0 |a Zapata, Manuel José  |e author  |9 516121 
245 1 3 |a El niño instruído en relijión, moral i urbanidad. Precioso librito, destinado a la lectura de los niños en las escuelas i en las bibliotecas populares, aprobado con este objeto por la autoridad eclesiástica i la Universidad de Chile, i arreglado por Don Manuel José Zapata 
250 |a 1a. ed 
300 |a 113 p 
942 |c BK 
945 |d 20070124 00:00:00  |a rinostro 
260 |a Santiago  |b Imprenta Chilena, calle del Peumo, Núm.29  |c 1863 
600 0 7 |a GÜEMES, MIGUEL MARIA  |2 CL-VaPUC  |9 516122 
600 0 |a Briseño Carvajal, Ramón   |9 441412 
650 7 |a CATECISMO CATOLICO  |2 CL-VaPUC  |9 516123 
650 7 |a ORACIONES  |2 CL-VaPUC  |9 319212 
650 0 |a Libros de texto  |9 270019 
650 0 |a Educación básica   |9 224933 
650 0 |a Educación cívica  |9 314665 
583 |a last modification  |c 20121123 11:42:17  |k Rodrigo Vera 
999 |c 323660  |d 323658 
952 |0 0  |1 0  |4 0  |6 370_800000000000000_ZAP_1863  |7 0  |8 X  |9 403431  |a FDOBUD  |b FDOBUD  |d 2019-11-22  |i 106729K  |o 370.8 ZAP 1863  |p 106729K  |r 2019-11-22  |w 2019-11-22  |y BK_X  |k BUD